The offices of the bruṅ-pas and great mṅans and the territorial division of Central Tibet in the early 8th century

Elmentve itt :
Bibliográfiai részletek
Szerző: Uray Géza
Dokumentumtípus: Cikk
Megjelent: 1962
Sorozat:Acta Orientalia Academiae Scientiarum Hungaricae;Acta Orientalia Academiae Scientiarum Hungaricae : a Magyar Tudományos Akadémia orientalisztikai közleményei
Kulcsszavak:Közigazgatás - Tibet - 8. sz. - forrás, Tibet története - 8. sz. - forrás
Tárgyszavak:
Online Access:http://misc.bibl.u-szeged.hu/65802
LEADER 01031nab a2200229 i 4500
001 misc65802
005 20230629141043.0
008 230517s1962 hu o 0|| eng d
040 |a SZTE Miscellanea Repozitórium  |b hun 
041 |a eng 
100 1 |a Uray Géza 
245 1 4 |a The offices of the bruṅ-pas and great mṅans and the territorial division of Central Tibet in the early 8th century  |h [elektronikus dokumentum] /  |c  Uray Géza 
260 |c 1962 
300 |a 353-360  |c 24 cm 
300 |a [8] p.  |c 24 cm 
490 0 |a Acta Orientalia Academiae Scientiarum Hungaricae;Acta Orientalia Academiae Scientiarum Hungaricae : a Magyar Tudományos Akadémia orientalisztikai közleményei 
561 |a Németh Gyula hagyaték 
591 |a NOT 6254; LOT 4090; ROT 789 
650 4 |a Bölcsészettudományok 
650 4 |a Történettudomány és régészet 
695 |a Közigazgatás - Tibet - 8. sz. - forrás, Tibet története - 8. sz. - forrás 
856 4 0 |u http://misc.bibl.u-szeged.hu/65802/1/6254_not.pdf  |z Dokumentum-elérés